01318nam a2200241Ia 450000100060000000300090000600800410001504000130005604000130006904100130008210000210009510000290011624500500014524500500019525000110024526000090025626000120026526000490027730000420032650006500036865000270101865000310104515336IT-RoPAU130308s9999 xx 000 0 und d aIT-RoPAU cIT-RoPAU aITALIANO aMongini Giovanni gCodice Aut. SPICS: 3642 aStoria del cinema di fantascienza-1-1898/1959 bStoria del Cinema di Fantascienza-1-1898/1959 a1a ed. aROMA bFanucci c1976 [1° Ed.:1976 - Ed.Ling.Originale:1976] a"362 p. (prefazione: 14; testo: 348)" aPrecursori Mostri Naturali e Artificiali Fantascienza in Technicolor Dai Formiconi a Godzilla Guerra nella Galassia Spazio e Pianeti Uomo delle Nevi Uomo che Rimpiccioliva Jack Arnold Schede Filmografiche Fantascienza Schede biografiche principali Attori e registi John Agar William Alland Richard Carlson Merian Cooper Roger Corman Richard Denning Brian Donlevy Terence Fisher Bert Gordon Val Guest Ray Harryhausen Byron Haskin Inoshiro Honda Fritz Lang Eugene Lourie' Georges Melies Hugh Marlowe Jeff Morrow Sam Newfield Willis O'Brien George Pal Hal Pereira Irving Pichel Rex Reason Ernest Schoedsack John Sherwood Curt Siodmak Eiji Tsuburaya aGENERI CINEMATOGRAFICI eCodice materia Spics: 6810